000 00308 a2200145 4500
001 149086
040 _cEscola São Tomás de Aquino
100 _aFURNARI, Eva
240 1 0 _aTrudi e Kiki
_lpor
245 1 0 _aTrudi e Kiki
300 _a31
362 0 _a2010
697 _a*LITERATURA INFANTO
942 _cBK
999 _c149086
_d149086